Language Quiz

Random Language or Spanish Quiz
Score 0/21 Timer 10:00
0 Plays Today
% Correct
El tomate
85.1%
Papa, patata
81.6%
Lechuga
80.5%
La coliflor
73.6%
La legumbre
70.1%
Lenteja
69%
Zanahoria
67.8%
El champiñón, hongo, seta
63.2%
Cebolla
60.9%
Espárrago
60.9%
Pimiento
60.9%
% Correct
Rábano
59.8%
Ajo
57.5%
El perejil
47.1%
Habichuela, el frijol
43.7%
Garbanzo
41.4%
Batata
39.1%
Pepino
36.8%
Calabaza
35.6%
La col, repollo
23%
Apio
20.7%
Remove Ads.
Support Sporcle.
Get the best of Sporcle when you Go Orange. This ad-free experience offers more features, more stats, and more fun while also helping to support Sporcle. Thank you for becoming a member.

You're not logged in!

Compare scores with friends on all Sporcle quizzes.
OR
Log In

Show Comments

Extras

Top Quizzes Today


Score Distribution

Your Account Isn't Verified!

In order to create a playlist on Sporcle, you need to verify the email address you used during registration. Go to your Sporcle Settings to finish the process.

Report this User

Report this user for behavior that violates our Community Guidelines.

Details: